Set the right example (Record no. 71575)
[ view plain ]
| 000 -LEADER | |
|---|---|
| fixed length control field | 01297cam a2200217 4500 |
| 001 - CONTROL NUMBER | |
| control field | ABS66163 |
| 008 - FIXED-LENGTH DATA ELEMENTS--GENERAL INFORMATION | |
| fixed length control field | 021118n2002 000 0 eng u |
| 035 ## - SYSTEM CONTROL NUMBER | |
| System control number | (Sirsi) u120487 |
| 245 ## - TITLE STATEMENT | |
| Title | Set the right example |
| 260 ## - PUBLICATION, DISTRIBUTION, ETC. | |
| Date of publication, distribution, etc. | 2002 |
| 490 ## - SERIES STATEMENT | |
| Series statement | Estates Gazette |
| Volume/sequential designation | (0243) 26 October 2002, 195(1) |
| 520 ## - SUMMARY, ETC. | |
| Summary, etc. | Explains the consenquences of the decision in 'Bath and North East Somerset Council v Attorney General' which dealt with a division between the local authortiy's dealings with land in a private transaction and the dealings with the land as trustees. In this case the authority required land that was subject to a restrictive convenant that the land is only used for public recreation. High court decided that in this instance the council wastrustee of the land and would have to comply with charity law if it wished to dispose of the whole or any part of the ground. This case should stand as guidance to other authorities facing the same situation. |
| 590 ## - LOCAL NOTE (RLIN) | |
| Local note | ABS |
| 650 ## - SUBJECT ADDED ENTRY--TOPICAL TERM | |
| Topical term or geographic name entry element | BATH AND NORTH EAST SOMERSET DC V ATTORNEY GENERAL |
| 650 ## - SUBJECT ADDED ENTRY--TOPICAL TERM | |
| Topical term or geographic name entry element | DISPOSAL OF LAND |
| 650 ## - SUBJECT ADDED ENTRY--TOPICAL TERM | |
| Topical term or geographic name entry element | LOCAL AUTHORITY LAND |
| 650 ## - SUBJECT ADDED ENTRY--TOPICAL TERM | |
| Topical term or geographic name entry element | PROPERTY-PROPERTY ACQUISITION AND DISPOSAL-ACQUISITION AND DISPOSAL BY PRIVATE TREATY |
| 650 ## - SUBJECT ADDED ENTRY--TOPICAL TERM | |
| Topical term or geographic name entry element | RESTRICTIVE COVENANT |
| 690 ## - LOCAL SUBJECT ADDED ENTRY--TOPICAL TERM (OCLC, RLIN) | |
| Topical term or geographic name as entry element | LOCAL GOVERNMENT |
| 942 ## - ADDED ENTRY ELEMENTS (KOHA) | |
| Suppress in OPAC | 0 |
| Withdrawn status | Lost status | Source of classification or shelving scheme | Damaged status | Not for loan | Home library | Current library | Shelving location | Date acquired | Total Checkouts | Full call number | Barcode | Date last seen | Copy number | Price effective from | Koha item type |
|---|---|---|---|---|---|---|---|---|---|---|---|---|---|---|---|
| Dewey Decimal Classification | London | London | Journal article | 18/11/2002 | ABS66163 | 120487-1001 | 06/08/2019 | 1 | 06/08/2019 | Journal article |